00612nam a22002057a 4500003000400000020001800004082001700022100001600039245004000055250000700095260005000102300001000152500004100162546001200203650004000215650004100255650003100296650003300327650004600360OSt a9789385401350 a339b AHU/MA aAhuja, H L  aMacroeconomics:btheory and policy  a20 aNew DelhibS Chand and company Limited c1986 a936p. aBased mainly on UGC model curriculum aEnglish aNature and scope of macroeconomics  aThe classical full employment model  aMonetary demand and supply aMoney, Prices and Inflation  aBusiness cycles and macroeconomic policy